Statistics for Busiest air routes from Porto

Click here to take the quiz!

General Stats

  • This quiz has been taken 315 times
  • The average score is 8 of 10

Answer Stats

PassengersAnswer% Correct
396.292Lisbon
97%
223.309London - Gatwick
97%
212.470London - Stansted
97%
398.083Madrid
97%
246.194Paris - Beauvais
96%
585.336Paris - Orly
96%
286.457Barcelona
93%
325.455Frankfurt
72%
226.920Funchal
57%
405.201Geneva
31%

Score Distribution

Percentile by Number Answered

Percent of People with Each Score

Your Score History

You have not taken this quiz